Statistics for 最知名的500个亚洲城市(基于cityquiz.io)

Click here to take the quiz!

General Stats

  • This quiz has been taken 96 times
    (83 since last reset)
  • The average score is 216 of 523

Answers on the Map

Answers color-coded by a green-red scale on the quiz's map according to % correct below.
 

Answer Stats

国家或地区cityquiz提及率人口答案% Correct
中国0.839416704306北京
92%
中国0.1623641562济南
92%
中国0.31454596313哈尔滨
92%
中国0.24295718232沈阳
91%
中国0.38019583277天津
91%
中国0.40855403052西安
91%
中国台湾0.60432646204台北
91%
中国0.532610641408广州
91%
中国0.756120217748上海
91%
中国0.31722853398乌鲁木齐
89%
中国0.3649177000成都
89%
中国0.407110358381深圳
89%
中国0.4145827888南京
89%
中国香港0.7487012738香港
89%
中国0.26954556077青岛
89%
中国0.09661797861烟台
89%
中国台湾0.14521519711高雄
89%
越南0.56458053663河内
88%
中国澳门0.4901520400澳门
88%
中国0.38736263790重庆
88%
韩国0.42353391946釜山
88%
韩国0.75329668465首尔
88%
中国0.1533411209长春
88%
中国0.20364083923苏州
88%
朝鲜0.63833222000平壤
88%
中国0.57157541527武汉
88%
中国台湾0.1276771235台南
88%
中国0.27155849537杭州
88%
中国0.23293902467大连
86%
中国0.3056220252拉萨
86%
日本0.84958336599东京
86%
中国0.12773095219石家庄
86%
中国0.22563662000厦门
86%
中国0.10582614380南昌
85%
中国0.05561033174齐齐哈尔
85%
中国0.13752686825温州
85%
中国0.0538698863威海
85%
中国0.14462583073宁波
85%
中国0.16533098727合肥
85%
中国0897393连云港
85%
泰国0.67115104476曼谷
85%
中国0.18584459300郑州
85%
中国0.13172438595兰州
85%
中国0.08381612385南通
85%
中国0.21893385363昆明
85%
中国0.23493534500福州
85%
中国0.0762128191唐山
84%
越南0.5498993082胡志明市
84%
中国0.0809367122大理
84%
中国台湾0.11581040725台中
84%
中国02214795徐州
84%
日本0.58642592413大阪
84%
中国0.11271469722吉林
82%
中国0.11143644017汕头
82%
蒙古0.5195844818乌兰巴托
82%
中国0.1844015700长沙
82%
中国0.18787271322东莞
82%
中国0.09361892500洛阳
82%
中国0.0349542190舟山
82%
俄罗斯0.4595592034符拉迪沃斯托克
82%
新加坡0.66195453600新加坡
81%
中国0.18922660833南宁
81%
土耳其0.63773517182安卡拉
81%
日本0.38871883027札幌
81%
印度0.574317797新德里
81%
中国0.0639775787丹东
80%
中国0.12092757736无锡
80%
中国0.09141330100泉州
80%
韩国0.23852942828仁川
80%
中国0.0971596700三亚
80%
中国0.10471497110呼和浩特
80%
中国0.0463967877秦皇岛
80%
中国0.06951584237扬州
80%
中国01035911赣州
78%
印度0.686612691836孟买
78%
阿拉伯联合酋长国0.67722956587迪拜
78%
日本0.52291459640京都
78%
中国0.0691286700银川
78%
中国0.0882963629桂林
78%
中国0.0399530840廊坊
78%
中国0.08142257376常州
78%
菲律宾0.63671600000马尼拉
78%
中国0.16876771895佛山
78%
中国0.12083378731太原
78%
中国0.1391833900海口
78%
中国0.08061369538珠海
78%
日本0.55141143841广岛
78%
中国0.0336762643嘉兴
78%
缅甸0.32414477638仰光
77%
中国0.07131257843保定
77%
中国0.0467484027承德
77%
柬埔寨0.37961573544金边
77%
中国0.08051900373包头
77%
中国0.04971725726绍兴
77%
中国0.09972520061贵阳
76%
中国01189276台州
76%
中国0.04891136826盐城
76%
伊朗0.64247153309德黑兰
76%
中国台湾0.16564014560新北
76%
以色列0.6594801000耶路撒冷
76%
中国0.05161433698大庆
76%
中国0.07032261717淄博
76%
中国0.05461173187邯郸
76%
印度尼西亚0.65858540121雅加达
76%
中国0.035950516镇江
74%
中国0.0417835648咸阳
74%
中国台湾0.0453350468花莲
74%
中国0.0446147042黑河
74%
印度0.681810927986德里
74%
中国0.05071098926张家口
74%
中国0.0477255739酒泉
74%
中国0783376宿迁
74%
土耳其0.506415214177伊斯坦布尔
74%
中国台湾0.0484402014桃园
73%
巴基斯坦0.543601600伊斯兰堡
73%
中国0.09191153417西宁
73%
中国0.0805310448喀什
73%
马来西亚0.53211453975吉隆坡
73%
日本0.5216410204长崎
73%
中国0.06632740994中山
73%
中国0.06581091000开封
73%
中国0.0412748471湖州
73%
中国0.05921504996鞍山
73%
中国0.05211038762湛江
73%
中国0.0351526232德州
73%
日本0.28922191279名古屋
73%
中国0.05071256268潮州
73%
中国0.0347902272日照
73%
中国0.0331370608汕尾
73%
中国0.04811302800株洲
73%
中国0.04411033000绵阳
72%
中国0.07651261582潍坊
72%
沙特阿拉伯0.54724205961利雅得
72%
中国0.0336631357佳木斯
72%
中国0.0331704356九江
70%
韩国0.1559492466济州
70%
中国0.06221807858惠州
70%
日本0.30823574443横滨
70%
中国0.05191212500南阳
70%
中国0.0431710597金华
70%
中国0.06711625868大同
70%
中国0.04531347200莆田
70%
中国0.0347463388北海
69%
中国台湾0.0356397515基隆
69%
中国0871940宝鸡
69%
中国0.0478946098锦州
69%
中国0.032494763汉中
69%
中国01624571柳州
69%
中国0.04561523655淮安
69%
中国0.0495721700漳州
68%
中国0.0483510242鄂尔多斯
68%
中国0.05881108087芜湖
68%
中国0.06321522488临沂
68%
中国0.03531120400岳阳
68%
泰国0.116200952清迈
68%
伊拉克0.63057216000巴格达
68%
尼泊尔0.46071442271加德满都
66%
孟加拉国0.540710356500达卡
66%
中国0.0316790623牡丹江
66%
老挝0.4278196731万象
66%
中国0.03711226848揭阳
66%
中国0.0324559636菏泽
66%
哈萨克斯坦0.3012000900阿拉木图
66%
韩国0.08241450062光州
65%
中国0.0371793866蚌埠
65%
日本0.0873555352鹿儿岛
65%
中国0.04651049363宜昌
65%
中国0.04541433057襄阳
65%
日本0.19921063103仙台
65%
缅甸0.2323925000内比都
65%
阿拉伯联合酋长国0.5405603492阿布扎比
65%
中国0.035289719吐鲁番
65%
中国0.04251123541泰安
65%
叙利亚0.53261569394大马士革
65%
中国0.0329287576黄山
65%
韩国0.18232418346大邱
64%
阿富汗0.57163043532喀布尔
64%
中国0.0328422688衢州
64%
中国0.037680000日喀则
64%
中国0.0406137072哈密
64%
中国0.04111480023江门
64%
中国0.0359902285赤峰
64%
中国0.0366331370武威
62%
中国0.0378151744丽江
62%
中国0.0409248420满洲里
62%
中国0.05141074900安阳
62%
科威特0.45660064科威特城
62%
沙特阿拉伯0.52381323624麦加
62%
中国台湾0.0349404109新竹
61%
中国0.036904157荆州
61%
日本0.0752300795那霸
61%
俄罗斯0.1116577441哈巴罗夫斯克
61%
中国0.05641285100衡阳
61%
中国0.0568939034济宁
61%
中国0.039995311遵义
61%
哈萨克斯坦0.4599345604阿斯塔纳
59%
中国0.0355570538安庆
59%
中国0.0363654100郴州
59%
以色列0.4842432892特拉维夫
59%
阿塞拜疆0.50411116513巴库
59%
中国0.04771116200常德
59%
中国0.0451318808抚顺
59%
中国0.036295400张家界
58%
中国0.03711238488淮南
58%
日本0.1095919729千叶
58%
日本0.0846298394青森
58%
中国0.0354328318吉安
58%
日本0.24151528478神户
57%
中国0.0488424734梧州
57%
巴基斯坦0.47611624219卡拉奇
57%
印度0.48784631392加尔各答
57%
中国0.0341000128本溪
57%
俄罗斯0.26241473754新西伯利亚
57%
日本0.0741680423熊本
57%
中国0.03431081700新乡
55%
中国0.0444119804和田
55%
印度尼西亚0.15571699719万隆
55%
日本0.21991392289福冈
55%
斯里兰卡0.4148648034科伦坡
55%
不丹0.268698676廷布
55%
日本0.0849367353奈良
55%
中国0.0526112711阿勒泰
55%
中国0.0411547924玉林
54%
文莱0.368264409斯里巴加湾市
54%
乌兹别克斯坦0.37731978028塔什干
54%
印度尼西亚0.1782374658泗水
53%
马来西亚0.265300000槟城
53%
中国01100000泸州
53%
俄罗斯0.0361214390布拉戈维申斯克
51%
中国0.0325544441天水
51%
印度0.36325104047班加罗尔
51%
巴勒斯坦0.2681410000加沙
51%
以色列0.1618267300海法
50%
卡塔尔0.4019344939多哈
50%
中国0185473普洱
50%
沙特阿拉伯0.38981300000麦地那
50%
越南0.12521134310岘港
49%
马尔代夫0.2241103693马累
49%
黎巴嫩0.46191916100贝鲁特
49%
日本0.0628997536北九州
47%
日本0.1123505272新潟
47%
日本0.2256294237福岛
47%
中国0.03991169000南充
46%
日本0.1722125483冲绳
46%
俄罗斯0.25341349977叶卡捷琳堡
46%
日本0.0661320069秋田
46%
韩国0.06811136017蔚山
46%
印度0.33614328063钦奈
45%
孟加拉国0.19113920222吉大港
45%
塔吉克斯坦0.2812679400杜尚别
45%
缅甸0.15991208099曼德勒
45%
中国0.0327742685宿州
45%
吉尔吉斯斯坦0.3269900000比什凯克
45%
日本0.0621275730函馆
45%
日本0.0596701561静冈
45%
日本0.0586639652冈山
43%
巴基斯坦0.15221386330海得拉巴
43%
也门0.38121937451萨那
43%
印度0.33443597816海德拉巴
43%
朝鲜0.0349338155开城
43%
格鲁吉亚0.44471049498第比利斯
42%
沙特阿拉伯0.30492867446吉达
42%
中国0.0317284872阿克苏
42%
俄罗斯0.2174587891伊尔库茨克
42%
东帝汶0.2553150000帝力
42%
韩国0.07331463882大田
42%
越南0.08142028514海防
41%
日本0.11451193350埼玉
41%
阿曼0.398797000马斯喀特
41%
日本0.0373335570高知
39%
亚美尼亚0.39221093485埃里温
39%
印度尼西亚0.1211441500巴邻旁
38%
约旦0.39561275857安曼
38%
巴林0.2482147074麦纳麦
36%
马来西亚0.0919802489新山
36%
俄罗斯0.1794269601雅库茨克
35%
土库曼斯坦0.3162727700阿什哈巴德
35%
日本0.10081306785川崎
35%
土耳其0.30862500603伊兹密尔
35%
巴基斯坦0.36456310888拉合尔
34%
日本0.031165236佐贺
34%
马来西亚0.0889180671马六甲
34%
俄罗斯0.0318263906共青城
34%
伊朗0.17861547164伊斯法罕
34%
也门0.1865550602亚丁
34%
日本0.0444605098滨松
32%
叙利亚0.3321602264阿勒颇
32%
菲律宾0.1624798634宿务
32%
菲律宾0.15811212504达沃
32%
朝鲜0.0349327000清津
32%
日本0.0335325532富山
32%
阿富汗0.1325391190坎大哈
32%
泰国0.158889072普吉
32%
日本0.0372458937金泽
31%
日本0.0729360176长野
31%
伊朗0.14741424641大不里士
30%
塞浦路斯0.285200452尼科西亚
30%
伊朗0.13091249942设拉子
30%
俄罗斯0.0804324444赤塔
28%
日本0.0773240014富士
28%
印度尼西亚0.07111288084三宝垄
28%
俄罗斯0.0893604816秋明
28%
柬埔寨0.06139458暹粒
28%
伊拉克0.18692600000巴士拉
28%
俄罗斯0.0584181728南萨哈林斯克
27%
朝鲜0.0594559056咸兴
27%
韩国0.05031186078水原
27%
印度尼西亚0.15381750971棉兰
27%
俄罗斯0.27071154116鄂木斯克
27%
俄罗斯0.0766179780彼得罗巴甫洛夫斯克
26%
日本0.0433311203宫崎
26%
日本0.0352448907大分
26%
越南0.0956652572顺化
26%
越南0.0314283441芽庄
26%
老挝0.044347378琅勃拉邦
24%
日本0.0307481493姬路
23%
日本0.0341397714岐阜
23%
土耳其0.215758188安塔利亚
23%
朝鲜0.041329207元山
23%
印度0.2242711758斋浦尔
23%
伊朗0.12072307177马什哈德
23%
菲律宾0.18092761720奎松市
23%
巴基斯坦0.0821743101拉瓦尔品第
23%
伊拉克0.24041739800摩苏尔
23%
乌兹别克斯坦0.1656319366撒马尔罕
22%
马来西亚0.0492570407古晋
22%
印度0.1812472011勒克瑙
22%
日本0.0335443322松山
22%
中国0.07233724讷河
22%
印度0.20742935744浦那
22%
沙特阿拉伯0.0876768602达曼
22%
俄罗斯0.0894404426乌兰乌德
20%
印度尼西亚0.1221321717望加锡
20%
泰国0.039578756清莱
20%
俄罗斯0.111595982马加丹
20%
韩国0.0295502916浦项
20%
印度0.23853719710艾哈迈达巴德
19%
阿拉伯联合酋长国0.09171324473沙迦
19%
巴基斯坦0.10041218773白沙瓦
19%
韩国0.0314657432全州
19%
俄罗斯0.1751130132车里雅宾斯克
19%
马来西亚0.0361673318怡保
19%
马来西亚0.0426457326哥打基纳巴卢
18%
土耳其0.1385244083特拉布宗
18%
塔吉克斯坦0.0203144865苦盏
16%
格鲁吉亚0.0924121806巴统
16%
土耳其0.1024210000安塔基亚
16%
印度尼西亚0.0793636660日惹
16%
泰国0.081797296芭堤雅
15%
土耳其0.1165371713凡城
15%
韩国0.05779940平昌
15%
巴勒斯坦0.145129019伯利恒
14%
印度尼西亚0.1028834881登巴萨
14%
哈萨克斯坦0.0609451800卡拉干达
14%
印度尼西亚0.0433455173坤甸
14%
吉尔吉斯斯坦0.0791200000奥什
14%
土耳其0.10841065975加齐安泰普
14%
俄罗斯0.0465109918克孜勒
14%
俄罗斯0.1372524669托木斯克
14%
印度0.13162228018那格浦尔
12%
俄罗斯0.1318973826克拉斯诺雅茨克
12%
菲律宾0.0353457623三宝颜
12%
土耳其0.16041412701布尔萨
12%
伊朗0.0985900000库姆
12%
土耳其0.0894126470埃迪尔内
12%
印度0.15922894504苏拉特
12%
巴勒斯坦0.165524599拉姆安拉
12%
印度尼西亚0.061250757班达亚齐
11%
越南0.04171235171芹苴
11%
巴基斯坦0.0786733675奎达
11%
印度0.0733227411本地治里
11%
日本0.0728362383丰田
11%
印度0.113604696科钦
11%
印度尼西亚0.0376451893万鸦老
11%
巴基斯坦0.08931437230木尔坦
11%
伊朗0.0523352173阿巴斯港
11%
乌兹别克斯坦0.0284164322费尔干纳
11%
印度0.09131599914博帕尔
9%
阿富汗0.1115272806赫拉特
9%
乌兹别克斯坦0.0686247644布哈拉
9%
印度尼西亚0.0306572837马辰
9%
巴基斯坦0.11552506595费萨拉巴德
9%
印度尼西亚0.051164352巴淡
9%
土耳其0.1136875530科尼亚
9%
印度0.10822823249坎普尔
9%
哈萨克斯坦0.0446414032奇姆肯特
9%
蒙古0.022979647额尔登特
9%
哈萨克斯坦0.047200000乌拉尔
9%
马来西亚0.033450000布城
8%
伊朗0.0384577514克尔曼
8%
印度0.0523960787昌迪加尔
8%
俄罗斯0.0891175365诺里尔斯克
8%
印度0.17321430055阿格拉
8%
印度尼西亚0.03420323占碑
8%
黎巴嫩0.1686229398的黎波里
8%
日本0.036554735诹访
8%
印度0.10681164404瓦拉纳西
8%
哈萨克斯坦0.0375147443阿克套
8%
俄罗斯0.0524612401巴尔瑙尔
7%
阿富汗0.0342200331贾拉拉巴德
7%
格鲁吉亚0.044681546苏呼米
7%
菲律宾0.0293679588桑托斯将军
7%
印度尼西亚0.0352746716玛琅
7%
印度0.12191599920巴特那
7%
印度0.0824909908马杜赖
7%
印度0.07231073438布拉亚格拉杰
7%
土库曼斯坦0.0789114680马雷
7%
土耳其0.0622592840开塞利
7%
印度0.030937475列城
7%
菲律宾0.0341222673普林塞萨
7%
土耳其0.13871248988阿达纳
7%
印度尼西亚0.0534840352巴东
7%
印度尼西亚0.0534134895查亚普拉
7%
土库曼斯坦0.0385234817土库曼纳巴德
7%
约旦0.045895048亚喀巴
7%
孟加拉国0.03911342339库尔纳
7%
叙利亚0.1095775404霍姆斯
7%
马来西亚0.074373653纳闽
7%
印度尼西亚0.0282355160三马林达
5%
伊朗0.0461841145阿瓦士
5%
塞浦路斯0.0645154000利马索尔
5%
斯里兰卡0.1315115826科特
5%
印度0.0731063178维萨卡帕特南
5%
缅甸0.0321244376勃固
5%
印度0.0637975857斯利那加
5%
土耳其0.0608420691埃尔祖鲁姆
5%
哈萨克斯坦0.0372180000阿特劳
5%
俄罗斯0.033547904新库兹涅茨克
5%
土耳其0.0746394050萨姆松
5%
印度0.0331763088科塔
5%
印度0.0276123797大吉岭
5%
叙利亚0.0383460602哈马
5%
越南0.0326339114荣市
5%
伊拉克0.1203932800埃尔比勒
5%
俄罗斯0.047913045阿纳德尔
5%
土耳其0.037734834锡诺普
4%
土库曼斯坦0.035468292土库曼巴什
4%
阿拉伯联合酋长国0.042355091艾因
4%
印度尼西亚0.0288355596安汶
4%
印度尼西亚0.0288282396古邦
4%
以色列0.0586186600贝尔谢巴
4%
印度0.0304112050布莱尔港
4%
印度尼西亚0.0333282431巴鲁
4%
印度0.07021092450阿姆利则
4%
印度0.10691837041印多尔
4%
菲律宾0.0351251248圣费尔南多
4%
印度0.0485784153特里凡得琅
4%
伊朗0.03421448075卡拉季
4%
印度尼西亚0.0321800348楠榜港
4%
伊拉克0.0657601433基尔库克
3%
印度0.04861545368卢迪亚纳
3%
伊拉克0.0422190159费卢杰
3%
印度0.05061289497纳西克
3%
印度尼西亚0.0337555308苏拉卡尔塔
3%
以色列0.0745603阿卡
3%
印度0.0559921476焦特布尔
3%
伊拉克0.0263723170苏莱曼尼亚
3%
印度尼西亚0.04691372124唐格朗
3%
印度尼西亚0.0309703956北干巴鲁
3%
哈萨克斯坦0.0567200920彼得巴甫洛夫斯克
3%
印度尼西亚0.0622433866巴厘巴板
3%
阿曼0.0447163140塞拉莱
3%
巴基斯坦0.03491384471古吉兰瓦拉
3%
土耳其0.0418264022锡瓦斯
3%
菲律宾0.0326299391安赫莱斯
3%
约旦0.021792665扎尔卡
3%
印度0.04511409476瓦多达拉
1%
印度0.04846454兰契
1%
印度0.0394439922卡利卡特
1%
土耳其0.0443112969阿拉尼亚
1%
土耳其0.0453514869埃斯基谢希尔
1%
沙特阿拉伯0.0344455450泰布克
1%
印度0.0458417387门格洛尔
1%
土耳其0.0515196571伊兹米特
1%
印度0.0519959823哥印拜陀
1%
乌兹别克斯坦0.0323230006努库斯
1%
印度0.0563778396塞勒姆
1%
印度0.0616679995赖布尔
1%
印度0.0619868313迈索尔
1%
印度0.0624465567查谟
1%
格鲁吉亚0.0344178338库塔伊西
1%
阿塞拜疆0.038153100汉肯德
1%
阿富汗0.044303282马扎尔谢里夫
1%
黎巴嫩0.0723135204提尔
1%
土耳其0.0496644763迪亚巴克尔
1%
黎巴嫩0.0455163554西顿
1%
印度0.03421016441奥兰加巴德
1%
印度尼西亚0.04561520119勿加泗
1%
约旦0.082414000瓦迪穆萨(佩特拉)
1%
以色列0.068945588埃拉特
1%
叙利亚0.074177636拉卡
1%
哈萨克斯坦0.0378262457阿克托别
1%
伊朗0.0304477905亚兹德
1%
印度尼西亚0.0264101731特尔纳特
1%
巴勒斯坦0.0459160470希伯伦
1%
俄罗斯0.0362306675苏尔古特
1%
俄罗斯0.0532532981克麦罗沃
1%
印度0.03281223184密拉特
1%
印度0.03341030168贾巴尔普尔
1%
印度0.0335899094古瓦哈蒂
1%
土耳其0.0678537842梅尔辛
1%
亚美尼亚0.0273148381久姆里
0%
阿塞拜疆0.0711313300占贾
0%
叙利亚0.038951015泰德穆尔(巴尔米拉)
0%
孟加拉国0.0631237000锡尔赫特
0%
巴勒斯坦0.06319783埃里哈
0%
斯里兰卡0.079111701康堤
0%
俄罗斯0.0423407775马格尼托哥尔斯克
0%
叙利亚0.0462340181拉塔基亚
0%
伊拉克0.0323434450卡尔巴拉
0%
印度0.05911177362拉杰果德
0%
约旦0.0238307480伊尔比德
0%
以色列0.097664800拿撒勒
0%
印度0.03611220229法里达巴德
0%
伊拉克0.0566158508萨迈拉
0%
印度0.0304762243布巴内什瓦尔
0%
印度0.0397192827默吉利伯德纳姆
0%
印度0.03941199191加济阿巴德
0%
印度0.0316223523因帕尔
0%
土耳其0.0353449549尚勒乌尔法
0%
印度0.03921261517塔纳
0%
土耳其0.059248147阿拉谢希尔
0%
印度0.0324422784乌代布尔
0%

Score Distribution

Percentile by Number Answered

Percent of People with Each Score

Your Score History

You have not taken this quiz since the last reset